<?xml version="1.0" encoding="UTF-8"?><?xml-stylesheet type="text/xsl" href="static/style.xsl"?><OAI-PMH xmlns="http://www.openarchives.org/OAI/2.0/" xmlns:xsi="http://www.w3.org/2001/XMLSchema-instance" xsi:schemaLocation="http://www.openarchives.org/OAI/2.0/ http://www.openarchives.org/OAI/2.0/OAI-PMH.xsd"><responseDate>2026-04-17T06:49:49Z</responseDate><request verb="GetRecord" identifier="oai:www.recercat.cat:2117/395764" metadataPrefix="marc">https://recercat.cat/oai/request</request><GetRecord><record><header><identifier>oai:recercat.cat:2117/395764</identifier><datestamp>2025-07-17T15:41:30Z</datestamp><setSpec>com_2072_1033</setSpec><setSpec>col_2072_452951</setSpec></header><metadata><record xmlns="http://www.loc.gov/MARC21/slim" xmlns:dcterms="http://purl.org/dc/terms/" xmlns:xsi="http://www.w3.org/2001/XMLSchema-instance" xmlns:doc="http://www.lyncode.com/xoai" xsi:schemaLocation="http://www.loc.gov/MARC21/slim http://www.loc.gov/standards/marcxml/schema/MARC21slim.xsd">
   <leader>00925njm 22002777a 4500</leader>
   <datafield ind2=" " ind1=" " tag="042">
      <subfield code="a">dc</subfield>
   </datafield>
   <datafield ind2=" " ind1=" " tag="720">
      <subfield code="a">Juanola Pineda, Quim</subfield>
      <subfield code="e">author</subfield>
   </datafield>
   <datafield ind2=" " ind1=" " tag="260">
      <subfield code="c">2023-10-17</subfield>
   </datafield>
   <datafield ind2=" " ind1=" " tag="520">
      <subfield code="a">Aquest document descriu tot el procediment necessari per a dissenyar i dimensionar un aeroport regional d’Europa. El procés comença amb una anàlisi de la situació actual del trànsit aeri i la seva evolució. Analitzant-ne els resultats, s’escull un emplaçament per l’aeroport on hi hagi una demanda a absorbir. A continuació, s’elabora una previsió de transit de passatgers i d’operacions per les següents dècades per a poder dimensionar l’aeroport. Una vegada finalitzada, es procedeix a fer el disseny i el dimensionament de l’aeroport, tant de la zona aire, espai on circulen i estacionen les aeronaus, com de la zona terra, que inclou la terminal, els accessos i l’aparcament. Ambdós dissenys s’elaboren seguint les normatives definides per l’ordre de govern corresponent, l’OACI i la IATA. Finalment, es realitza un pla de viabilitat econòmica per tal d’estimar el període d'amortització de la inversió inicial i el balanç econòmic anual de l’aeroport.</subfield>
   </datafield>
   <datafield tag="653" ind2=" " ind1=" ">
      <subfield code="a">Àrees temàtiques de la UPC::Aeronàutica i espai::Aeroports</subfield>
   </datafield>
   <datafield tag="653" ind2=" " ind1=" ">
      <subfield code="a">Airports----Design and construction</subfield>
   </datafield>
   <datafield tag="653" ind2=" " ind1=" ">
      <subfield code="a">Airports--Planning</subfield>
   </datafield>
   <datafield tag="653" ind2=" " ind1=" ">
      <subfield code="a">Aeroports----Disseny i construcció</subfield>
   </datafield>
   <datafield tag="653" ind2=" " ind1=" ">
      <subfield code="a">Aeroports--Planificació</subfield>
   </datafield>
   <datafield ind2="0" ind1="0" tag="245">
      <subfield code="a">Viabilitat, disseny i pla d’implementació i de negoci d’un aeroport regional a Europa</subfield>
   </datafield>
</record></metadata></record></GetRecord></OAI-PMH>